000 01041nam a2200181 a 4500
001 48650
005 20180714033029.0
008 140415s2003 mx 000 0 spa d
041 _aspa
082 _a321.09
_bAND
100 1 _aANDRADE SANCHEZ, EDUARDO
245 1 0 _aDOS AÑOS DE ENGAÑOS :
_bCOLABORACION PERIODISTICA
250 _a1a ed.
260 _aMEXICO :
_bFUNDACION COLOSIO, A.C.,
_c2003
300 _a487
_c14 x 1.5 x 20.8
520 _aEDUARDO ANDRADE NOS ENTREGA UN LIBRO EN DONDE GRAVITA EL ESPIRITU DE UNA ETAPA DE NUESTRO PAIS; UNA ETAPA CRITICA Y CONVULSA, FRESCA TODAVIA PARA VALORARLA CON PRECISIÓN, PERO SIN DUDA TRASCENDENTE. EL AUTOR INCURRE CON TODA CONCIENCIA EN UN ACTO DE CRITICA OPOSITORA SIN CORTAPISAS: NO HAY TREGUA NI POSIBILIDAD DE ENCONTRAR EN SUS PREMISAS Y EN EL DESARROLLO DE SUS TEMAS, CONCESIÓN ALGUNA HACIA EL GOBIERNO QUE EL 2 DE JULIO DEL 2000, REMOVIÓ AL PRI DE LA PRESIDENCIA DE LA REPUBLICA.
650 1 4 _aPERIODISMO
_xCRITICA
_xSISTEMA POLITICO
_xMEXICO
_xCAMBIO POLTICO
_xMXICO
999 _c48650
_d48650